Normal view
MARC view
- الشخصية-تنمية
Entry Topical Term
001 - CONTROL NUMBER
- control field: 12799
003 - CONTROL NUMBER IDENTIFIER
- control field: JO-AjAnu
005 - DATE AND TIME OF LATEST TRANSACTION
- control field: 20230606072342.0
008 - FIXED-LENGTH DATA ELEMENTS
- fixed length control field: 230606|| aca||aabn | a|a d
040 ## - CATALOGING SOURCE
- Original cataloging agency: JO-AjAnu
- Transcribing agency: JO-AjAnu
150 ## - HEADING--TOPICAL TERM
- Topical term or geographic name entry element: الشخصية-تنمية
670 ## - SOURCE DATA FOUND
- Source citation: Work cat.: (JO-AjAnu)6586: جراهام،ج.م ؛ مراد، صلاح/ترجمة, author 12798, الشخصية :كيف يمكن تنميتها